00798nam a2200241Ia 4500003000400000005001700004008004100021020003000062040001700092082002000109100002100129245010600150250001300256260002800269300002800297500001900325650001700344700001800361700002600379942000900405952012700414999001500541IIN20250328155550.0250328s9999 xx acf 001 0 eng d cRs.1750.00a9789356963290 aIINbEnglish a612.015 bVAS1 aVasudevan, D.M. 1 aTextbook of Biochemistry for Medical Students /cD.M. Vasudevan, Sreekumari S and Kannan Vaidyanathan a10th ed. bJaypeeaNew Delhic2023 axxvi, 894 p.bcol. ill. aIncludes Index1 aBiochemistry1 aSreekumari S.1 aVaidyanathan, Kannan  cBOOK 00102ddc40708PURCHaIINbIINcGENd2025-03-11g1750.00l0o612.015 VASp1761r2025-03-28 15:56:22w2025-03-28yBOOK c1721d1721